000 00710nam a2200265Ia 4500
001 Para_9304
003 CHAP
008 220125s1996 xx 000 0 und d
010 _a206656
040 _cCHAP
082 _a581.15 G8
100 _aGuzmán Medrano, Edgar Edmundo
_951983
245 _aGenética agropecuaria /
_c por Edgar Edmundo Guzmán Medrano
260 _aMéxico, D.F. :
_b Trillas
300 _a150 p.
503 _aC/e (ej.1) \ C/e (ej.2)
650 _aAgricultura
_x investigación
_91577
901 _a581.15 G8
902 _aM
905 _a0000001996 a 0000000000 00
910 _a1996
942 _cPARA
942 _cPARA
_d1
999 _c206656
_d206656